000 00609nam a2200193 4500
001 22394
005 20230410143311.0
008 060907n2002 dr spa
020 _a8481559717
035 _9funglode22557
041 _aES
050 1 4 _aRosa
110 _aOÑATI International Institute for the Sociology of Law
245 1 _aIdentidades culturales y derechos humanos /
_ccoordinador :
_bManuel Calvo Garcia
260 _aGipuzkoa, Spain :
_bOÑATI International Institute for the Sociology of Law,
_c2002
300 _a289 p.
700 _aCalvo García, Manuel
942 _2lcc
_cbk
999 _c99084
_d99084